书目信息 |
| 题名: |
水生动物生理机能学实验
|
|
| 作者: | 吴垠 , 桂远明 主编 | |
| 分册: | ||
| 出版信息: | 北京 中国农业出版社 2021.2 |
|
| 页数: | 205页 | |
| 开本: | 26cm | |
| 丛书名: | ||
| 单 册: | ||
| 中图分类: | Q958.8 | |
| 科图分类: | ||
| 主题词: | 水生动物--生理--机能--实验--高等学校--教材 | |
| 电子资源: | ||
| ISBN: | 978-7-109-20518-5 | |
| 000 | 00775nam0 2200253 45 | |
| 001 | 012001002991 | |
| 005 | 20141010152740.0 | |
| 010 | @a978-7-109-20518-5@dCNY34.00 | |
| 096 | @aQ958@bwy | |
| 100 | @a20160229d2015 em y0chiy50 ea | |
| 101 | 0 | @achi |
| 102 | @aCN@b110000 | |
| 105 | @ay z 000yy | |
| 106 | @ar | |
| 200 | 1 | @a水生动物生理机能学实验@Ashui sheng dong wu sheng li ji neng xue shi yan@b专著@f吴垠,桂远明主编 |
| 210 | @a北京@c中国农业出版社@d2021.2 | |
| 215 | @a205页@d26cm | |
| 300 | @a全国高等农林院校“十二五”规划教材 | |
| 606 | 0 | @a水生动物@x生理@x机能@x实验@x高等学校@j教材 |
| 690 | @aQ958.8@v5 | |
| 701 | 0 | @a吴垠@Awu yin@4主编 |
| 701 | 0 | @a桂远明@Agui yuan ming@4主编 |
| 801 | 2 | @aCN@bBJSDL@c20211018 |
| 905 | @b1351090-3@dQ958.8@e357@f4 | |
| 水生动物生理机能学实验/吴垠,桂远明主编.-北京:中国农业出版社,2021.2 |
| 205页;26cm |
| 全国高等农林院校“十二五”规划教材 |
| ISBN 978-7-109-20518-5:CNY34.00 |
| ● |
| 相关链接 |
|
|
|
|
正题名:水生动物生理机能学实验
索取号:Q958.8/357
 
预约/预借
| 序号 | 登录号 | 条形码 | 馆藏地/架位号 | 状态 | 备注 |
| 1 | 1351090 | 213510903 | 第二样本阅览室/ [索取号:Q958.8/357] | 在馆 | |
| 2 | 1351091 | 213510912 | 第三借阅区/ [索取号:Q958.8/357] | 在馆 | |
| 3 | 1351092 | 213510921 | 第三借阅区/ [索取号:Q958.8/357] | 在馆 | |
| 4 | 1351093 | 213510930 | 第三借阅区/ [索取号:Q958.8/357] | 在馆 |